[Event "18th Voronezh Master Open 2014"]
[Site "Voronezh RUS"]
[Date "2014.06.19"]
[Round "7.10"]
[White "Shariyazdanov, Andrey"]
[Black "Lugovskoy, Maxim"]
[Result "1/2-1/2"]
[WhiteTitle "GM"]
[BlackTitle "IM"]
[WhiteElo "2568"]
[BlackElo "2393"]
[WhiteFideId "4122747"]
[BlackFideId "24126454"]
[EventDate "2014.06.12"]

1. Nf3 d5 2. c4 e6 3. d4 Nf6 4. Nc3 Be7 5. Bf4 O-O 6. e3 b6 7. Bd3 Bb7 8. O-O c5
9. cxd5 Nxd5 10. Nxd5 Qxd5 11. e4 Qd8 12. dxc5 Bxc5 13. e5 Nc6 14. Be4 h6 15.
Qa4 Qc7 16. Rac1 Ne7 17. Rfd1 Rfd8 18. Rxd8+ Rxd8 19. Qxa7 Nd5 20. Bxd5 Rxd5 21.
Qa4 Bc6 22. Qc2 Qd7 23. h3 Bb7 24. a3 g5 25. Be3 Bxe3 26. fxe3 Rc5 27. Qd1 Rxc1
28. Qxc1 Bxf3 29. gxf3 Qd5 30. Kg2 Qxe5 31. Qd2 Qb5 32. b4 h5 33. f4 gxf4 34.
exf4 Qc4 35. Kg3 Qb3+ 36. Kh4 Qxa3 37. Qd8+ Kh7 38. Qxb6 Qf3 39. Qd4 Kg6 40.
Qg1+ Kh7 41. Qg5 Qf2+ 42. Kxh5 Qe2+ 43. Qg4 Qd2 44. b5 Qd5+ 45. Qg5 Qd1+ 46. Kh4
Qe1+ 47. Qg3 Qb1 48. Qg5 Qe1+ 49. Kg4 Qe2+ 50. Kg3 Qe3+ 51. Kg2 Qe2+ 52. Kg3
Qe3+ 53. Kh4 Qe1+ 54. Qg3 Qb1 55. Qg5 Qe1+ 1/2-1/2

[Event "18th Voronezh Master Open 2014"]
[Site "Voronezh RUS"]
[Date "2014.06.20"]
[Round "8.1"]
[White "Fedorov, Alexei"]
[Black "Artemiev, Vladislav"]
[Result "1/2-1/2"]
[WhiteTitle "GM"]
[BlackTitle "GM"]
[WhiteElo "2574"]
[BlackElo "2647"]
[WhiteFideId "13500465"]
[BlackFideId "24101605"]
[EventDate "2014.06.12"]

1. e4 c5 2. Ne2 Nf6 3. Nbc3 d6 4. g3 Nc6 5. Bg2 g6 6. d4 cxd4 7. Nxd4 Nxd4 8.
Qxd4 Bg7 9. O-O O-O 10. Qc4 Be6 11. Nd5 Rc8 12. Qb3 b5 13. c3 Nxd5 14. exd5 Bd7
15. Re1 a5 16. a3 Re8 17. Be3 Qc7 18. Qd1 Rb8 19. Bd4 Bxd4 20. Qxd4 Bf5 21. g4
Bd7 22. h3 Rb7 23. Re3 Qc4 24. Qd2 f5 25. Rae1 Qf4 26. Qe2 Bc8 27. Rd3 Rf8 28.
Rd4 Qh6 29. Rf1 fxg4 30. hxg4 Qg5 31. Rfd1 Bd7 32. Re4 Rf7 33. Qd2 Qxd2 34. Rxd2
g5 35. Rde2 Kf8 36. Kh2 Rc7 37. Kg3 h6 38. Rd4 Rc5 39. Re1 Kg7 40. Re3 Kf8 41.
Re1 1/2-1/2

[Event "18th Voronezh Master Open 2014"]
[Site "Voronezh RUS"]
[Date "2014.06.20"]
[Round "8.3"]
[White "Kokarev, Dmitry"]
[Black "Zontakh, Andrey"]
[Result "1-0"]
[WhiteTitle "GM"]
[BlackTitle "GM"]
[WhiteElo "2628"]
[BlackElo "2533"]
[WhiteFideId "4132181"]
[BlackFideId "14101130"]
[EventDate "2014.06.12"]

1. e4 c6 2. d4 d5 3. Nc3 dxe4 4. Nxe4 Bf5 5. Ng3 Bg6 6. h4 h6 7. Nf3 e6 8. Ne5
Bh7 9. Bd3 Bxd3 10. Qxd3 Nd7 11. f4 Bb4+ 12. c3 Be7 13. Bd2 Ngf6 14. O-O-O O-O
15. Kb1 c5 16. Be3 Qc7 17. Nxd7 Nxd7 18. d5 exd5 19. Qxd5 Nf6 20. Qe5 Qxe5 21.
fxe5 Ng4 22. Nf5 Nxe3 23. Nxe3 Rfe8 24. a4 Bf8 25. Nc4 Rad8 26. h5 g6 27. g4
gxh5 28. gxh5 Bg7 29. Rd6 Bf8 30. Rg1+ Kh7 31. Rdd1 Be7 32. Kc2 b6 33. Rd3 Rxd3
34. Kxd3 Bg5 35. Ke4 Rd8 36. a5 Rb8 37. Rf1 Kg8 38. axb6 axb6 39. Nd6 Rd8 40.
Nxf7 Rd2 41. Nxg5 hxg5 42. e6 g4 43. Ke3 Rd5 44. Kf4 g3 45. e7 1-0

[Event "18th Voronezh Master Open 2014"]
[Site "Voronezh RUS"]
[Date "2014.06.20"]
[Round "8.4"]
[White "Rozum, Ivan"]
[Black "Rakhmanov, Aleksandr"]
[Result "1/2-1/2"]
[WhiteTitle "IM"]
[BlackTitle "GM"]
[WhiteElo "2544"]
[BlackElo "2614"]
[WhiteFideId "24104272"]
[BlackFideId "4173708"]
[EventDate "2014.06.12"]

1. d4 f5 2. g3 Nf6 3. Bg2 g6 4. Nf3 Bg7 5. O-O O-O 6. b3 d6 7. Bb2 c6 8. c4 Na6
9. Nbd2 Qe8 10. Qc2 c5 11. a3 cxd4 12. Nxd4 e5 13. Nb5 Qe7 14. Rad1 Nc7 15. Nxc7
Qxc7 16. Nb1 a6 17. Nc3 Be6 18. Nd5 Bxd5 19. Bxd5+ Kh8 20. Bg2 e4 21. f3 exf3
22. exf3 Rae8 23. Rfe1 Qc5+ 24. Kh1 b5 25. Qd3 bxc4 26. Qxc4 Qxc4 27. bxc4 Nd7
28. Rxe8 Rxe8 29. Bxg7+ Kxg7 30. Rxd6 Re1+ 31. Bf1 Rxf1+ 32. Kg2 Ra1 33. Rxd7+
Kh6 34. Rd2 Rc1 35. Rd6 a5 36. Ra6 Rxc4 37. Rxa5 Rc2+ 38. Kh3 Rf2 39. f4 Rf3 40.
Kh4 Rc3 41. Ra7 Rc4 42. Kh3 Rc3 43. a4 Rc4 44. a5 Ra4 45. a6 Ra3 46. Kh4 Ra4 47.
Kh3 Ra3 48. Kg2 Ra2+ 49. Kf3 Rxh2 50. Re7 Ra2 51. a7 Ra3+ 52. Kg2 Ra2+ 53. Kh3
g5 54. fxg5+ Kxg5 55. Rxh7 f4 56. gxf4+ Kxf4 57. Re7 Kf5 58. Kg3 1/2-1/2

[Event "18th Voronezh Master Open 2014"]
[Site "Voronezh RUS"]
[Date "2014.06.20"]
[Round "8.5"]
[White "Leon Hoyos, Manuel"]
[Black "Timofeev, Artyom"]
[Result "1/2-1/2"]
[WhiteTitle "GM"]
[BlackTitle "GM"]
[WhiteElo "2515"]
[BlackElo "2603"]
[WhiteFideId "5105269"]
[BlackFideId "4140419"]
[EventDate "2014.06.12"]

1. e4 c5 2. Nf3 Nc6 3. d4 cxd4 4. Nxd4 e6 5. Nc3 Qc7 6. f4 a6 7. Nxc6 Qxc6 8.
Bd3 b5 9. Qe2 Bb7 10. Bd2 Bc5 11. O-O-O Ne7 12. a3 O-O 13. Qh5 Rac8 14. g4 b4
15. axb4 Bxb4 16. e5 Ng6 17. Rhf1 Qc5 18. Kb1 Qa5 19. f5 Nxe5 20. f6 Ng6 21.
fxg7 Rfe8 22. Bxg6 fxg6 23. Qxa5 Bxa5 24. Bh6 d5 25. Rd3 Bb4 26. h4 a5 27. Rf6
Bc6 28. g5 Rc7 29. Rdf3 Rxg7 30. Bxg7 d4 31. Rd3 dxc3 32. bxc3 Bc5 33. Bh6 Rb8+
34. Ka1 Bd5 35. Rd1 Be7 36. Rf2 Bd6 37. Rb1 Rc8 38. Rb5 a4 39. Ra5 a3 40. Ra7 a2
41. Rxa2 Bxa2 42. Kxa2 Rxc3 43. Rd2 Be5 44. Re2 Bd4 45. Rxe6 Rxc2+ 46. Kb3 Rc7
47. Rd6 Bg7 48. Bxg7 Kxg7 49. Rd4 h6 50. Rc4 Rb7+ 51. Kc3 hxg5 52. hxg5 Rb5 53.
Rc7+ Kg8 54. Kd4 Rxg5 55. Ke4 1/2-1/2

[Event "18th Voronezh Master Open 2014"]
[Site "Voronezh RUS"]
[Date "2014.06.20"]
[Round "8.6"]
[White "Pavlov, Sergey2"]
[Black "Ponkratov, Pavel"]
[Result "0-1"]
[WhiteTitle "IM"]
[BlackTitle "GM"]
[WhiteElo "2470"]
[BlackElo "2595"]
[WhiteFideId "14114330"]
[BlackFideId "4157800"]
[EventDate "2014.06.12"]

1. c4 e5 2. Nc3 Nf6 3. Nf3 Nc6 4. g3 d5 5. cxd5 Nxd5 6. Bg2 Nb6 7. O-O Be7 8. d3
Be6 9. Be3 O-O 10. a3 f5 11. Rc1 Bf6 12. Nd2 Rb8 13. Nb3 Nd7 14. Nd5 Kh8 15.
Nxf6 Qxf6 16. Nc5 Nxc5 17. Rxc5 f4 18. Bd2 Nd4 19. Bc3 c6 20. Bxd4 exd4 21. Qd2
Rbe8 22. Qxf4 Qxf4 23. gxf4 Bg4 24. f3 Be6 25. Re5 Rxf4 26. Bh3 Bd7 27. Rxe8+
Bxe8 28. Rc1 Kg8 29. Rc5 Kf8 30. Ra5 a6 31. Re5 Rf7 32. Be6 Re7 33. Rf5+ Bf7 34.
Bxf7 Rxf7 35. Re5 Re7 36. Rf5+ Ke8 37. Kf2 Kd7 38. b4 Kd6 39. Rf8 c5 40. Rd8+
Kc6 41. bxc5 Kxc5 42. Ke1 Rc7 43. Kd2 b5 44. Ra8 Kb6 45. Rd8 Kc5 46. Ra8 Rc6 47.
Ra7 Kb6 48. Rxg7 Ka5 49. Rd7 Ka4 50. Rxd4+ Kxa3 51. Rd5 Kb4 52. e4 a5 53. e5 a4
54. Rd6 Rc8 55. Ra6 Ka3 56. Rb6 b4 57. f4 b3 58. f5 Kb2 59. Ra6 a3 60. e6 a2 61.
e7 a1=Q 62. Rxa1 Kxa1 63. f6 b2 64. f7 b1=Q 65. e8=Q Qb4+ 66. Ke2 Qg4+ 67. Ke3
Qg5+ 68. Kd4 Qh4+ 69. Kd5 Rd8+ 70. Kc5 Qh5+ 0-1

[Event "18th Voronezh Master Open 2014"]
[Site "Voronezh RUS"]
[Date "2014.06.20"]
[Round "8.7"]
[White "Kryakvin, Dmitry"]
[Black "Predke, Alexandr"]
[Result "1/2-1/2"]
[WhiteTitle "GM"]
[WhiteElo "2581"]
[BlackElo "2491"]
[WhiteFideId "4153278"]
[BlackFideId "24107581"]
[EventDate "2014.06.12"]

1. e4 c6 2. d4 d5 3. Nc3 dxe4 4. Nxe4 Bf5 5. Ng3 Bg6 6. h4 h6 7. Nf3 e6 8. Ne5
Bh7 9. Bd3 Bxd3 10. Qxd3 Nd7 11. f4 Bb4+ 12. c3 Be7 13. Bd2 Ngf6 14. Qe2 O-O 15.
f5 Bd6 16. fxe6 fxe6 17. O-O-O Qc7 18. Nxd7 Qxd7 19. Ne4 Nxe4 20. Qxe4 Qf7 21.
Rh3 Qf5 22. Re3 Rae8 23. Rde1 Qxe4 24. Rxe4 Bg3 25. R1e3 Rf1+ 26. Kc2 Bf4 27.
Re1 Rxe1 28. Bxe1 Bd6 29. h5 Kf7 30. g4 Ke7 31. c4 Kd7 32. Kd3 Rf8 33. Ke2 Bf4
34. a4 a6 35. a5 Rf7 36. Bh4 Bc7 37. Be1 Bf4 38. Bh4 Bc7 39. b4 Bf4 40. Be1 Bg5
41. Bg3 Rf8 42. Bh2 Rf6 43. Bg1 Rf4 44. Rxf4 Bxf4 45. Be3 Bxe3 46. Kxe3 Ke7 47.
Ke4 Kf7 48. Kf4 Kf6 49. g5+ hxg5+ 50. Kg4 Ke7 51. Kxg5 Kf7 52. Kg4 Ke8 53. Kf4
Kf8 54. Kg5 Kf7 55. c5 Ke7 56. Kg6 Kf8 57. Kg5 Ke7 58. Kg6 Kf8 59. h6 gxh6 60.
Kxh6 Kf7 61. Kg5 Kg7 1/2-1/2

[Event "18th Voronezh Master Open 2014"]
[Site "Voronezh RUS"]
[Date "2014.06.20"]
[Round "8.8"]
[White "Mozharov, Mikhail"]
[Black "Prizant, Jaroslav"]
[Result "1/2-1/2"]
[WhiteTitle "GM"]
[BlackTitle "IM"]
[WhiteElo "2552"]
[BlackElo "2516"]
[WhiteFideId "4189825"]
[BlackFideId "4140664"]
[EventDate "2014.06.12"]

1. d4 Nf6 2. c4 g6 3. Nc3 Bg7 4. g3 O-O 5. Bg2 d6 6. Nf3 Nc6 7. O-O Rb8 8. Bf4
a6 9. Rc1 h6 10. d5 e5 11. dxe6 Bxe6 12. b3 Re8 13. e4 Qd7 14. Qd2 g5 15. Be3
Bh3 16. Qd3 Rbd8 17. Nd4 Bxg2 18. Kxg2 Ne7 19. Rcd1 c5 20. Nde2 Ng6 21. h3 b5
22. cxb5 axb5 23. Qxb5 Nxe4 24. Qxd7 Rxd7 25. Rc1 Ra7 26. Rfd1 Ra6 27. Nxe4 Rxe4
28. Nc3 Bxc3 29. Rxc3 Kf8 30. Rc2 Ke7 31. Rdd2 Nf8 32. Re2 Ne6 33. Rcd2 Kd7 34.
f3 Rb4 35. Rd5 Rb7 36. Red2 Ke7 37. h4 Rba7 38. hxg5 hxg5 39. b4 f6 40. bxc5
dxc5 41. Bxc5+ 1/2-1/2

[Event "18th Voronezh Master Open 2014"]
[Site "Voronezh RUS"]
[Date "2014.06.20"]
[Round "8.9"]
[White "Bocharov, Dmitry"]
[Black "Ulko, Jaroslav"]
[Result "0-1"]
[WhiteTitle "GM"]
[BlackTitle "IM"]
[WhiteElo "2598"]
[BlackElo "2422"]
[WhiteFideId "4138716"]
[BlackFideId "4116658"]
[EventDate "2014.06.12"]

1. Nf3 c5 2. g3 Nc6 3. Bg2 g6 4. c4 Bg7 5. Nc3 e6 6. d3 Nge7 7. h4 h6 8. Bd2 b6
9. a3 Bb7 10. Rb1 Nd4 11. e3 Nxf3+ 12. Bxf3 Bxf3 13. Qxf3 d5 14. O-O O-O 15.
Rfd1 Qd7 16. Be1 Rfd8 17. cxd5 Nxd5 18. Ne2 e5 19. b4 cxb4 20. axb4 Qe6 21. b5
Nf6 22. d4 e4 23. Qg2 Nd5 24. Nc3 Nxc3 25. Bxc3 Rd5 26. Qf1 Bf6 27. Rdc1 Bxh4
28. Be1 Be7 29. Rc6 Qg4 30. Bb4 Bxb4 31. Rxb4 h5 32. Rf6 Qd7 33. Qc4 Rc8 34. Rc6
Rd8 35. Rc7 Qg4 36. Rb2 h4 37. Qe2 Qh3 38. Qf1 Qg4 39. Qe2 Qh3 40. Qf1 Qf5 41.
Ra2 Qg5 42. Raxa7 Rf8 43. Kg2 Rf5 44. Qe2 hxg3 45. fxg3 Rf3 46. Qe1 Rxe3 0-1

[Event "18th Voronezh Master Open 2014"]
[Site "Voronezh RUS"]
[Date "2014.06.20"]
[Round "8.10"]
[White "Batchuluun, Tsegmed"]
[Black "Kunin, Vitaly"]
[Result "1/2-1/2"]
[WhiteTitle "GM"]
[BlackTitle "GM"]
[WhiteElo "2521"]
[BlackElo "2575"]
[WhiteFideId "4900847"]
[BlackFideId "4128737"]
[EventDate "2014.06.12"]

1. d4 e6 2. c4 b6 3. e4 Bb7 4. Bd3 f5 5. exf5 Bb4+ 6. Kf1 Nf6 7. a3 Bd6 8. Nc3
O-O 9. Nge2 Ng4 10. h3 Qh4 11. g3 Qh5 12. d5 Ne5 13. Bf4 exf5 14. Nd4 Qxd1+ 15.
Rxd1 Nxd3 16. Rxd3 Bxf4 17. gxf4 Na6 18. Rg1 Nc5 19. Rdg3 Rf7 20. b4 Ne4 21.
Nxe4 fxe4 22. Ke2 Kh8 23. Ke3 c6 24. dxc6 dxc6 25. c5 a5 26. f5 axb4 27. axb4
bxc5 28. bxc5 Re7 29. Rb1 Rd7 30. Kxe4 Re8+ 31. Ne6 g6 32. Re3 Ba6 33. Kf4 Bc4
34. Rbe1 gxf5 35. Re5 Rd2 36. f3 Bd5 37. Kxf5 Bxf3 38. Kf6 Bd5 39. Kf7 Ra8 40.
Rf5 Rg2 41. Ke7 Rgg8 42. Rxd5 cxd5 43. c6 Ra3 44. c7 Rc8 45. Rh1 Rc3 46. Kd7 Rg8
47. Rd1 Rg6 48. Re1 Rg8 49. Rd1 Rg6 50. Re1 Rg8 51. h4 d4 52. Nxd4 Rg7+ 53. Kd6
Rgxc7 54. Re8+ Kg7 55. Ne6+ Kf7 56. Rf8+ Kg6 57. Nxc7 Rc4 58. Nd5 Rxh4 59. Nf4+
Kg5 60. Ke5 Kg4 61. Ke4 Kg3 62. Ke3 Rg4 63. Rf7 Rg8 64. Nh5+ Kh4 65. Nf6 Ra8 66.
Kf4 h5 67. Rg7 Ra1 68. Ne4 Rf1+ 69. Ke3 Re1+ 70. Kf3 Rf1+ 71. Ke2 Ra1 72. Nd2
Kh3 73. Nf3 h4 74. Ng1+ Kh2 75. Kf2 h3 76. Nf3+ Kh1 77. Rh7 Ra2+ 78. Kg3 h2 79.
Rb7 Rg2+ 80. Kf4 Rb2 81. Rd7 Kg2 82. Rg7+ Kh1 83. Ng5 Rf2+ 84. Ke3 Rg2 85. Kf4
Rxg5 86. Kxg5 Kg2 87. Kf4+ Kf2 88. Rh7 Kg2 89. Rxh2+ Kxh2 90. Ke4 1/2-1/2

[Event "18th Voronezh Master Open 2014"]
[Site "Voronezh RUS"]
[Date "2014.06.21"]
[Round "9.2"]
[White "Artemiev, Vladislav"]
[Black "Kokarev, Dmitry"]
[Result "1/2-1/2"]
[WhiteTitle "GM"]
[BlackTitle "GM"]
[WhiteElo "2647"]
[BlackElo "2628"]
[WhiteFideId "24101605"]
[BlackFideId "4132181"]
[EventDate "2014.06.12"]

1. b3 g6 2. Bb2 Nf6 3. g3 Bg7 4. Bg2 O-O 5. Nf3 c5 6. c4 Nc6 7. O-O d6 8. d4 Ne4
9. Nbd2 Bf5 10. Nh4 Nxd2 11. Qxd2 Nxd4 12. Bxb7 Bh3 13. Rfe1 Rb8 14. Bh1 Bd7 15.
Bc3 Re8 16. Rab1 Qb6 17. Bd5 e6 18. Bg2 Bc6 19. e3 Bxg2 20. Kxg2 Qc6+ 21. f3 Nf5
22. Nxf5 exf5 23. Bxg7 Kxg7 24. Rbd1 Re6 25. Qc3+ Kg8 26. Rd5 Rbe8 27. Qd2 Qc7
28. Kf2 Qe7 29. Rd3 h5 30. Rc1 Qg5 31. h4 Qe7 32. f4 Qc7 33. Rcc3 a5 34. Rd5 Ra8
35. Rcd3 Ra6 36. a3 Rc6 37. Ke2 Ra6 38. Kd1 Qc6 39. Qc3 Qc7 40. Kc2 Qe7 1/2-1/2

[Event "18th Voronezh Master Open 2014"]
[Site "Voronezh RUS"]
[Date "2014.06.21"]
[Round "9.3"]
[White "Ponkratov, Pavel"]
[Black "Rakhmanov, Aleksandr"]
[Result "1-0"]
[WhiteTitle "GM"]
[BlackTitle "GM"]
[WhiteElo "2595"]
[BlackElo "2614"]
[WhiteFideId "4157800"]
[BlackFideId "4173708"]
[EventDate "2014.06.12"]

1. e4 e6 2. d4 d5 3. Nc3 dxe4 4. Nxe4 Bd7 5. Nf3 Bc6 6. Bd3 Nd7 7. O-O Ngf6 8.
Ng3 Be7 9. c4 Bxf3 10. Qxf3 c6 11. b3 Qa5 12. Qe2 O-O 13. a3 Rfd8 14. Bb2 Re8
15. Rfe1 Rad8 16. Rad1 a6 17. Bc2 Bf8 18. h4 Be7 19. Rd3 b5 20. Re3 Bxa3 21. Ra1
b4 22. Qd2 Qc7 23. Bxa3 bxa3 24. Rxa3 c5 25. dxc5 Ng4 26. Re2 Nxf2 27. Qd6 Qxd6
28. cxd6 Ng4 29. Rxa6 Ra8 30. Rxa8 Rxa8 31. b4 Ra1+ 32. Nf1 Nge5 33. c5 f6 34.
Bb3 Kf7 35. Rc2 Nc6 36. b5 Nd4 37. c6 Nb6 38. Rd2 Nxb3 39. Rd3 Ke8 40. d7+ Nxd7
41. cxd7+ Kd8 42. Rxb3 Kxd7 43. b6 Kc8 44. Rc3+ Kb7 45. Rc7+ Kxb6 46. Rxg7 Kc5
47. Rxh7 Kd5 48. Kf2 f5 49. Rd7+ Ke5 50. Ng3 Ra4 51. Rh7 Rf4+ 52. Kg1 Rg4 53.
Kh2 Kf4 54. Nh5+ Ke3 55. Kh3 e5 56. Re7 e4 57. Ng3 Kf2 58. Nxf5 Rf4 59. Nh6 1-0

[Event "18th Voronezh Master Open 2014"]
[Site "Voronezh RUS"]
[Date "2014.06.21"]
[Round "9.4"]
[White "Timofeev, Artyom"]
[Black "Rozum, Ivan"]
[Result "1/2-1/2"]
[WhiteTitle "GM"]
[BlackTitle "IM"]
[WhiteElo "2603"]
[BlackElo "2544"]
[WhiteFideId "4140419"]
[BlackFideId "24104272"]
[EventDate "2014.06.12"]

1. d4 Nf6 2. c4 e6 3. Nc3 Bb4 4. e3 O-O 5. Bd3 c5 6. Nf3 Nc6 7. O-O Bxc3 8. bxc3
d6 9. e4 e5 10. h3 h6 11. Be3 b6 12. Re1 Re8 13. d5 Ne7 14. a4 a5 15. Nd2 Ng6
16. Nf1 Rb8 17. Ng3 Nh4 18. Be2 Nh7 19. Bg4 Ba6 20. Qd3 Nf6 21. Nh5 Bc8 22.
Nxf6+ Qxf6 23. f3 Ng6 24. Rab1 Ba6 25. g3 Qe7 26. Rb2 Qc7 27. Kh2 Bc8 28. Bf5
Nf8 29. g4 Ng6 30. Bxg6 fxg6 31. f4 exf4 32. Bxf4 g5 33. Bg3 Ba6 34. Rbe2 Qd7
35. e5 dxe5 36. Bxe5 Rbd8 37. Re3 Re7 38. Qg6 Rf8 39. Bd6 Rxe3 40. Rxe3 Rf7 41.
Bxc5 Bxc4 42. Bd4 Qxa4 43. Kg3 Bxd5 44. c4 Bc6 45. Bxg7 Rxg7 46. Qe6+ Kh7 47.
Qf5+ Kh8 48. Qf8+ Kh7 49. Qf5+ Kh8 1/2-1/2

[Event "18th Voronezh Master Open 2014"]
[Site "Voronezh RUS"]
[Date "2014.06.21"]
[Round "9.5"]
[White "Prizant, Jaroslav"]
[Black "Kryakvin, Dmitry"]
[Result "1/2-1/2"]
[WhiteTitle "IM"]
[BlackTitle "GM"]
[WhiteElo "2516"]
[BlackElo "2581"]
[WhiteFideId "4140664"]
[BlackFideId "4153278"]
[EventDate "2014.06.12"]

1. d4 Nf6 2. c4 e6 3. e3 c5 4. Nc3 cxd4 5. exd4 d5 6. Nf3 Bb4 7. cxd5 Nxd5 8.
Bd2 Nc6 9. Bd3 O-O 10. O-O Be7 11. Qe2 Nf6 12. Ne4 Bd7 13. a3 Rc8 14. Rad1 Re8
15. b4 Nxe4 16. Bxe4 Bf6 17. Be3 Qe7 18. Ne5 Red8 19. Nxd7 Qxd7 20. d5 exd5 21.
Bxd5 Qe8 22. Qb5 b6 23. Qa6 Rd7 24. g3 Qd8 25. Bf3 Ne5 26. Be2 Rcc7 27. Qa4 h6
28. Bf4 Qe7 29. Qb5 Rxd1 30. Rxd1 Rd7 31. Rd5 Rxd5 32. Qxd5 g5 33. Be3 Kg7 34.
Kg2 Ng6 35. Bf3 Bb2 36. Bd2 Qf6 37. Qb3 Bd4 38. Be1 Ne5 39. Be4 h5 40. Qd1 Ng4
41. Qe2 Qe5 42. Bf3 Qxe2 43. Bxe2 f5 44. h3 Nf6 45. Bd3 Kg6 46. Kf3 g4+ 47. hxg4
hxg4+ 48. Ke2 Ne4 49. f3 Nc3+ 50. Bxc3 Bxc3 51. fxg4 a5 52. gxf5+ Kf6 53. b5 Bb2
54. a4 Bc1 55. Kf3 Bh6 56. Ke4 Bc1 57. g4 Bh6 58. Kd5 Bc1 1/2-1/2

[Event "18th Voronezh Master Open 2014"]
[Site "Voronezh RUS"]
[Date "2014.06.21"]
[Round "9.6"]
[White "Brodsky, Michail"]
[Black "Deviatkin, Andrei"]
[Result "1-0"]
[WhiteTitle "GM"]
[BlackTitle "GM"]
[WhiteElo "2556"]
[BlackElo "2526"]
[WhiteFideId "14100932"]
[BlackFideId "4121260"]
[EventDate "2014.06.12"]

1. d4 d5 2. c4 c6 3. Nc3 Nf6 4. e3 e6 5. Nf3 Nbd7 6. Bd3 dxc4 7. Bxc4 b5 8. Bd3
Bd6 9. Bd2 a6 10. Ne4 Be7 11. b4 c5 12. bxc5 Nxc5 13. Nxc5 Bxc5 14. a4 b4 15. a5
Bd6 16. e4 Be7 17. O-O O-O 18. Qe2 Rb8 19. Rfb1 Bb7 20. Bxb4 Bxe4 21. Bxe7 Rxb1+
22. Rxb1 Bxd3 23. Qxd3 Qxe7 24. Qxa6 Qa3 25. Ne5 Qa2 26. Rf1 h5 27. Nc6 Nd5 28.
Qb7 h4 29. h3 g5 30. a6 g4 31. hxg4 h3 32. Ne7+ Kg7 33. Nxd5 hxg2 34. Kxg2 exd5
35. a7 Qe2 36. Qb8 Re8 37. Qf4 Qa6 38. Qg5+ 1-0

[Event "18th Voronezh Master Open 2014"]
[Site "Voronezh RUS"]
[Date "2014.06.21"]
[Round "9.7"]
[White "Ulko, Jaroslav"]
[Black "Mozharov, Mikhail"]
[Result "1/2-1/2"]
[WhiteTitle "IM"]
[BlackTitle "GM"]
[WhiteElo "2422"]
[BlackElo "2552"]
[WhiteFideId "4116658"]
[BlackFideId "4189825"]
[EventDate "2014.06.12"]

1. d4 Nf6 2. c4 g6 3. Nc3 Bg7 4. e4 d6 5. Nf3 O-O 6. Be2 Nbd7 7. O-O e5 8. Qc2
Re8 9. Rd1 h6 10. Rb1 Nh5 11. Be3 c6 12. b4 Nf4 13. Bf1 exd4 14. Nxd4 Ne6 15.
Nxe6 Rxe6 16. b5 Qc7 17. bxc6 bxc6 18. Qd2 Qa5 19. Rbc1 Kh7 20. f3 Rb8 21. Ne2
Qa4 22. Nd4 Re8 23. Nb3 Bf8 24. Bd4 Re6 25. Rc2 c5 26. Ba1 Rb6 27. Qc3 Nf6 28.
g3 Bg7 29. Qe3 Re7 30. Qf4 Ne8 31. Bxg7 Kxg7 32. Qc1 f6 33. Bd3 Be6 34. f4 Bf7
35. Re1 Nc7 36. Rce2 Rb4 37. e5 dxe5 38. fxe5 fxe5 39. Rxe5 Rxe5 40. Qa1 Kg8 41.
Qxe5 Qe8 42. Qc3 Qf8 43. Qf6 Rb6 44. Qf2 Ne6 45. Bf1 Qd6 46. Qe3 h5 47. Qe5 1/2-1/2

[Event "18th Voronezh Master Open 2014"]
[Site "Voronezh RUS"]
[Date "2014.06.21"]
[Round "9.8"]
[White "Predke, Alexandr"]
[Black "Leon Hoyos, Manuel"]
[Result "1-0"]
[BlackTitle "GM"]
[WhiteElo "2491"]
[BlackElo "2515"]
[WhiteFideId "24107581"]
[BlackFideId "5105269"]
[EventDate "2014.06.12"]

1. e4 c5 2. Nf3 d6 3. d4 cxd4 4. Nxd4 Nf6 5. Nc3 Nc6 6. Bg5 e6 7. Qd2 a6 8.
O-O-O Bd7 9. f4 b5 10. Bxf6 gxf6 11. Kb1 Rc8 12. f5 b4 13. fxe6 fxe6 14. Nce2
Ne5 15. Nf4 Kf7 16. g3 h5 17. Bh3 Ng4 18. Qe2 Rc5 19. Bxg4 hxg4 20. Qxg4 Qc8 21.
Qg6+ Ke7 22. h4 Bh6 23. Rhf1 Qf8 24. Ndxe6 Bxe6 25. Nxe6 Kxe6 26. Rxf6+ Qxf6 27.
Rxd6+ Kxd6 28. Qxf6+ 1-0

[Event "18th Voronezh Master Open 2014"]
[Site "Voronezh RUS"]
[Date "2014.06.21"]
[Round "9.9"]
[White "Nosenko, Alexander"]
[Black "Kunin, Vitaly"]
[Result "1-0"]
[WhiteTitle "GM"]
[BlackTitle "GM"]
[WhiteElo "2492"]
[BlackElo "2575"]
[WhiteFideId "14100690"]
[BlackFideId "4128737"]
[EventDate "2014.06.12"]

1. d4 d5 2. c4 dxc4 3. Nf3 Nf6 4. e3 Bg4 5. Bxc4 e6 6. h3 Bh5 7. Nc3 a6 8. g4
Bg6 9. Ne5 Nbd7 10. Nxg6 hxg6 11. Bf1 c5 12. Bg2 cxd4 13. exd4 Bb4 14. Qb3 Qe7
15. a3 Ba5 16. Qxb7 O-O 17. O-O Qd6 18. Ne2 Nd5 19. Bxd5 exd5 20. Bf4 Qe6 21.
Nc3 Bxc3 22. bxc3 Nf6 23. f3 Qe2 24. Rae1 Qc2 25. Re3 Rac8 26. Bd6 Qd2 27. Rfe1
Rfe8 28. R1e2 Qc1+ 29. Kf2 Kh7 30. Be5 Rxc3 31. Rxc3 Qxc3 32. Qxf7 Qd3 33. h4 a5
34. h5 g5 35. Rb2 Qxa3 36. Bxf6 Qxb2+ 37. Kg3 Qb8+ 38. Kh3 Re7 39. Qxe7 Qg8 40.
Be5 a4 41. f4 gxf4 42. g5 f3 43. g6+ Kh8 44. h6 Qc8+ 45. Kh4 1-0

[Event "18th Voronezh Master Open 2014"]
[Site "Voronezh RUS"]
[Date "2014.06.21"]
[Round "9.10"]
[White "Shariyazdanov, Andrey"]
[Black "Pavlov, Sergey2"]
[Result "1-0"]
[WhiteTitle "GM"]
[BlackTitle "IM"]
[WhiteElo "2568"]
[BlackElo "2470"]
[WhiteFideId "4122747"]
[BlackFideId "14114330"]
[EventDate "2014.06.12"]

1. Nf3 Nf6 2. g3 g6 3. b3 Bg7 4. Bb2 c5 5. c4 d6 6. Bg2 Nc6 7. d4 cxd4 8. Nxd4
Bd7 9. O-O O-O 10. Nc2 Qa5 11. Qd2 Qh5 12. Nc3 Ng4 13. h3 Nf6 14. h4 Ne5 15. f3
h6 16. Ne3 Bc6 17. Ncd5 Nxd5 18. cxd5 Bd7 19. Rac1 Rfc8 20. f4 Ng4 21. Bf3 Bxb2
22. Qxb2 f5 23. Qd4 b6 24. a4 Rab8 25. a5 Rxc1 26. Rxc1 g5 27. fxg5 hxg5 28. Rc7
gxh4 29. Bxg4 fxg4 30. Rxd7 hxg3 31. Qxg4+ 1-0